Kings Island - All Rides - Statistics

General Stats
  • This quiz has been taken 54 times
  • The average score is 22 of 47
Answer Stats
Area Type Ride % Correct
Area 72 Roller Coaster Orion
93%
Rivertown Roller Coaster The Beast
93%
Area 72 Roller Coaster Flight of Fear
89%
Action Zone Roller Coaster Banshee
82%
Rivertown Roller Coaster Diamondback
82%
Rivertown Roller Coaster Mystic Timbers
82%
Coney Mall Roller Coaster Backlot Stunt Coaster
79%
Action Zone Roller Coaster The Bat
71%
Coney Mall Roller Coaster The Racer
71%
Oktoberfest Roller Coaster Adventure Express
68%
Action Zone Thrill Delirium
68%
Action Zone Roller Coaster Invertigo
68%
Action Zone Thrill Drop Tower
64%
Planet Snoopy Roller Coaster Woodstock Express
64%
Action Zone Family Congo Falls
57%
Planet Snoopy Roller Coaster Flying Ace Aerial Chase
57%
Planet Snoopy Roller Coaster The Great Pumpkin Coaster
57%
Coney Mall Thrill Windseeker
54%
International Street Family Eiffel Tower
50%
Coney Mall Family Monster
50%
Coney Mall Family Scrambler
50%
Action Zone Thrill (Upcharge) Xtreme Skyflyer
50%
International Street Family Grand Carousel
46%
Oktoberfest Family Viking Fury
46%
Coney Mall Family Zephyr
46%
International Street Family Boo Blasters on Boo Hill
43%
Planet Snoopy Kids Character Carousel
43%
Coney Mall Family Dodgem
43%
Coney Mall Family Shake, Rattle & Roll
43%
Planet Snoopy "Roller Coaster" Surf Dog
43%
Rivertown Family White Water Canyon
43%
Planet Snoopy Kids Race For Your Life Charlie Brown
39%
Coney Mall Family Kings Mills Antique Autos
32%
Planet Snoopy Kids Joe Cool's Dodgem School
29%
Rivertown Family K.I. & Miami Valley Railroad
29%
Planet Snoopy Kids Linus' Launcher
25%
Planet Snoopy Kids Charlie Brown's Wind Up
21%
Planet Snoopy Kids Kite Eating Tree
21%
Planet Snoopy Kids Peanuts 500
18%
Planet Snoopy Kids Woodstock Whirlybirds
18%
Planet Snoopy Kids Linus' Beetle Bugs
14%
Planet Snoopy Kids Snoopy's Space Buggies
14%
Planet Snoopy Kids Woodstock Gliders
14%
Planet Snoopy Kids Peanuts Off-Road Rally
7%
Planet Snoopy Kids Sally's Sea Plane
7%
Planet Snoopy Kids Snoopy's Junction
7%
Planet Snoopy Kids Snoopy vs. Red Baron
4%
No matching quizzes found
Score Distribution
Percent of People with Each Score
Percentile by Number Answered
Your Score History
You have not taken this quiz